All teams qualified for UEFA Champions League 2023/24 - Statistics

General Stats
  • This quiz has been taken 89 times
  • The average score is 41 of 78
Answer Stats
Round Country Team % Correct
Group Stage England Arsenal
100%
Group Stage England Manchester City
100%
Group Stage Spain Barcelona
99%
Group Stage England Manchester United
99%
Group Stage Spain Real Madrid
99%
Group Stage Italy Inter
96%
Group Stage Germany Bayern München
95%
Group Stage England Newcastle United
95%
Group Stage Spain Atlético de Madrid
94%
Group Stage Germany Borussia Dortmund
94%
Group Stage Italy Napoli
94%
Group Stage France Paris Saint-Germain
94%
Group Stage Scotland Celtic
90%
Group Stage Italy Milan
90%
Group Stage Portugal Porto
90%
Group Stage Portugal Benfica
89%
Group Stage Spain Sevilla
89%
Group Stage Netherlands Feyenoord
85%
Third qualifying round Netherlands PSV Eindhoven
85%
Group Stage Italy Lazio
82%
Group Stage Germany Union Berlin
78%
Group Stage France Lens
76%
Third qualifying round France Olympique Marseille
76%
Group Stage Spain Real Sociedad
76%
Third qualifying round Scotland Rangers
74%
Group Stage Serbia Red Star
74%
Group Stage Germany RB Leipzig
73%
Play-off round Switzerland Young Boys
72%
Third qualifying round Portugal Braga
71%
Group Stage Austria Salzburg
67%
Second qualifying round Turkey Galatasaray
66%
Second qualifying round Greece Panathinaikos
61%
Play-off round Belgium Royal Antwerp
61%
Second qualifying round Denmark København
59%
Second qualifying round Croatia Dinamo Zagreb
57%
Group Stage Ukraine Shakhtar Donetsk
54%
First qualifying round Israel Maccabi Haifa
52%
Second qualifying round Norway Molde
52%
Third qualifying round Czech Republic Sparta Prague
51%
Second qualifying round Belgium Genk
49%
First qualifying round Azerbaijan Qarabağ
49%
First qualifying round Finland HJK Helsinki
46%
Third qualifying round Greece AEK Athens
45%
Third qualifying round Austria Sturm Graz
45%
First qualifying round Moldova Sheriff Tiraspol
44%
First qualifying round Kazakhstan Astana
43%
First qualifying round Hungary Ferencváros
43%
First qualifying round Bulgaria Ludogorets Razgrad
43%
First qualifying round Belarus BATE Borisov
38%
First qualifying round Slovakia Slovan Bratislava
38%
First qualifying round Faroe Islands KÍ Klaksvík
35%
Second qualifying round Ukraine Dnipro-1
32%
Second qualifying round Switzerland Servette
30%
First qualifying round Ireland Shamrock Rovers
27%
First qualifying round Lithuania Žalgiris Vilnius
27%
Third qualifying round Serbia TSC Bačka Topola
26%
First qualifying round Georgia Dinamo Tbilisi
23%
First qualifying round Poland Raków Częstochowa
23%
First qualifying round Wales The New Saints
21%
Second qualifying round Cyprus Aris Limassol
20%
First qualifying round Sweden Häcken
20%
First qualifying round Slovenia Olimpija Ljubljana
20%
First qualifying round Gibraltar Lincoln Red Imps
18%
First qualifying round Kosovo Ballkani
17%
First qualifying round Estonia Flora Tallinn
17%
Preliminary round Iceland Breiðablik
15%
Preliminary round Montenegro Budućnost Podgorica
13%
First qualifying round Romania Farul Constanța
13%
First qualifying round Albania Partizani Tiranë
12%
First qualifying round Bosnia and Herzegovina Zrinjski Mostar
12%
Preliminary round San Marino Tre Penne
11%
First qualifying round Luxembourg Swift Hesperange
10%
First qualifying round Northern Ireland Larne
9%
First qualifying round Latvia Valmiera
9%
First qualifying round Armenia Urartu
7%
Preliminary round Andorra Atlètic Escaldes
6%
First qualifying round Malta Ħamrun Spartans
6%
First qualifying round North Macedonia Struga
6%
No matching quizzes found
Score Distribution
Percent of People with Each Score
Percentile by Number Answered
Your Score History
You have not taken this quiz